A smile in the mind : (Record no. 353216)

000 -LEADER
fixed length control field 00850 a2200241 4500
003 - CONTROL NUMBER IDENTIFIER
control field OSt
005 - DATE AND TIME OF LATEST TRANSACTION
control field 20180116192358.0
008 - FIXED-LENGTH DATA ELEMENTS--GENERAL INFORMATION
fixed length control field 120702t xxu||||| |||| 00| 0 eng d
020 ## - INTERNATIONAL STANDARD BOOK NUMBER
International Standard Book Number 0714838128 (pbk)
020 ## - INTERNATIONAL STANDARD BOOK NUMBER
International Standard Book Number 9780714845180
040 ## - CATALOGING SOURCE
Transcribing agency 0
082 ## - DEWEY DECIMAL CLASSIFICATION NUMBER
Classification number 741.6
100 ## - MAIN ENTRY--PERSONAL NAME
Personal name McAlhone, Beryl.
9 (RLIN) 5281
245 12 - TITLE STATEMENT
Title A smile in the mind :
Remainder of title witty thinking in graphic design /
Statement of responsibility, etc. Beryl McAlhone & David Stuart.
260 ## - PUBLICATION, DISTRIBUTION, ETC.
Place of publication, distribution, etc. London :
Name of publisher, distributor, etc. Phaidon Press,
Date of publication, distribution, etc. 1998.
300 ## - PHYSICAL DESCRIPTION
Extent 240 p. :
Other physical details ill. (some col.), ports. ;
Dimensions 30 cm.
500 ## - GENERAL NOTE
General note Includes bibliographical references (p240) and indexes.
650 10 - SUBJECT ADDED ENTRY--TOPICAL TERM
Topical term or geographic name entry element Commercial art
General subdivision Themes, motives.
9 (RLIN) 5282
650 10 - SUBJECT ADDED ENTRY--TOPICAL TERM
Topical term or geographic name entry element Wit and humor, Pictorial.
9 (RLIN) 5283
700 1# - ADDED ENTRY--PERSONAL NAME
Relator code Stuart, David,
Dates associated with a name 1946 Dec.
9 (RLIN) 5284
942 ## - ADDED ENTRY ELEMENTS (KOHA)
Institution code [OBSOLETE] SADA
Koha item type Book
Call number prefix 741.6 MCA 1998
Source of classification or shelving scheme
952 ## - LOCATION AND ITEM INFORMATION (KOHA)
-- BOOK
Holdings
Withdrawn status Lost status Source of classification or shelving scheme Damaged status Not for loan Permanent Location Current Location Date acquired Total Checkouts Total Renewals Full call number Barcode Date last seen Date last checked out Cost, replacement price Price effective from Koha item type
          School of Art Design and Architecture (SADA) School of Art Design and Architecture (SADA) 06/29/2011 6 2 741.6 MCA 1998 SADA0001482 10/26/2015 10/01/2015 2400.00 08/05/2011 Book
© 2023 Central Library, National University of Sciences and Technology. All Rights Reserved.